| 000 | 00751nam a2200241 a 4500 | ||
|---|---|---|---|
| 008 | |||
| 020 | _a8120323548 (pbk) | ||
| 049 | _aMAIN | ||
| 090 | _aHF5686.C8HOR | ||
| 100 | 1 | _aHorngren, Charles T. | |
| 245 | 1 | 0 |
_aCost accounting : _ba managerial emphasis / _cby Charles T. Horngren, Srikant M. Datar and George Foster. |
| 250 | _a11th ed. | ||
| 260 |
_aUpper Saddle River, NJ. : _bPearson Education, _cc2003. |
||
| 300 |
_axxiv, 856 p. : _bcol. ill. ; _c27 cm. |
||
| 650 | _aManagerial accounting. | ||
| 700 | 1 | _aFoster, George. | |
| 700 | _aDatar, Srikant M. | ||
| 907 |
_a.b10083522 _b16-08-10 _c18-07-03 |
||
| 003 | |||
| 005 | 20230123133948.0 | ||
| 040 | _cNUST | ||
| 942 |
_cBOOKS _kHF5686.C8HOR |
||
| 999 |
_c157632 _d157632 |
||